Banda zlodejov šokujúca pravda o oligarchoch a politikoch na Slovensku
Salvato in:
| Autore principale: | |
|---|---|
| Natura: | Libro |
| Lingua: | slovacco |
| Pubblicazione: |
Bratislava
Kniha do ucha
2015
|
| Soggetti: | |
| Tags: |
Nessun Tag, puoi essere il primo ad aggiungerne!!
|
MARC
| LEADER | 00000nam a2200000 4500 | ||
|---|---|---|---|
| 001 | 0224771 | ||
| 005 | 20240314094209.9 | ||
| 020 | |a 978-80-972126-0-5 | ||
| 041 | 0 | |a slo | |
| 044 | |a SK | ||
| 245 | 1 | 0 | |a Banda zlodejov |b šokujúca pravda o oligarchoch a politikoch na Slovensku |c Ignác Milan Krajniak |
| 264 | 1 | |a Bratislava |b Kniha do ucha |c 2015 | |
| 300 | |a 187 s. | ||
| 610 | 2 | 0 | |a politika |
| 610 | 2 | 0 | |a vývoj |
| 610 | 2 | 0 | |a oligarchia finančná |
| 610 | 2 | 0 | |a štýl životný |
| 610 | 2 | 0 | |a rozhodovanie |
| 610 | 2 | 0 | |a privatizácia |
| 610 | 2 | 0 | |a majetok národný |
| 610 | 2 | 0 | |a skupiny záujmové |
| 610 | 2 | 0 | |a Slovensko |
| 100 | 1 | |a Krajniak, Ignác Milan | |